El currículum oculto

El autor pretende avivar el interés sobre aspectos del currículum que son difíciles de percibir pero que están presentes en toda intervención educativa, subraya que es preciso descubrir el significado social de las experiencias escolares.

Uloženo v:
Podrobná bibliografie
Hlavní autor: Torres Santomé, Jurjo
Médium: Kniha
Jazyk:Spanish
Vydáno: Madrid: Ediciones Morata, 1996
Vydání:5 ed.
Edice:Colección pedagogía
Témata:
On-line přístup:Enlace del recurso
Tagy: Přidat tag
Žádné tagy, Buďte první, kdo vytvoří štítek k tomuto záznamu!

MARC

LEADER 00000nam a2200000 a 4500
001 000639
008 040623s1996 sp a fr# #000|0#spa#d
020 |a 84-7112-351-7 
041 0 |a spa 
043 |a e-sp--- 
082 0 4 |a 372.19  |b T566c 
100 1 |a Torres Santomé, Jurjo 
245 1 3 |a El currículum oculto   |c Jurjo Torres Santomé 
250 |a 5 ed. 
260 |a Madrid:  |b Ediciones Morata,  |c 1996 
300 |a 219 p.:  |b il., gráf. 
440 0 |a Colección pedagogía 
504 |a Incluye bibliografía. 
520 3 |a El autor pretende avivar el interés sobre aspectos del currículum que son difíciles de percibir pero que están presentes en toda intervención educativa, subraya que es preciso descubrir el significado social de las experiencias escolares. 
650 1 4 |a CURRÍCULO 
650 1 4 |a SOCIOLOGÍA DE LA EDUCACIÓN 
999 |c 2791  |d 2791 
856 |u https://catalogo.idep.edu.co/cgi-bin/koha/opac-detail.pl?biblionumber=2791  |z Enlace del recurso